A storm is brewing over repairs (Record no. 84991)

MARC details
000 -LEADER
fixed length control field 01507cab a22002895a 4500
001 - CONTROL NUMBER
control field L159794
008 - FIXED-LENGTH DATA ELEMENTS--GENERAL INFORMATION
fixed length control field 180105e2017 xxk 000 0 eng d
035 ## - SYSTEM CONTROL NUMBER
System control number (Sirsi) u159794
041 0# - LANGUAGE CODE
Language code of text/sound track or separate title eng
100 1# - MAIN ENTRY--PERSONAL NAME
Personal name Thomson, Elizabeth
245 02 - TITLE STATEMENT
Title A storm is brewing over repairs
260 ## - PUBLICATION, DISTRIBUTION, ETC.
Date of publication, distribution, etc. 2017
490 ## - SERIES STATEMENT
Series statement Estates Gazette
Volume/sequential designation (1748) 2 December 2017 76-77(20
520 ## - SUMMARY, ETC.
Summary, etc. Part 4 in a series of 4 articles on the Minimum Energy Efficiency Standard (MEES) effective from 1 April 2018 considers the impact of the Standard for landlords claiming costs for repairs versus improvements from tenants via service charges. Suggests that new leases may need to incorporate terms in service charges expressly allowing energy-efficiency improvements. Discusses how MEES might have impacted the decision of two cases "Waaler v Hounslow LBC" (2017] EWCA Div 45 and "De Havilland Studios Ltd v Peries and another" [2017] 322 (LC) where the tenant is directly responsible for repair. Part 1 L159788, Part 2 L159789 and Part 3
590 ## - LOCAL NOTE (RLIN)
Local note KA
650 24 - SUBJECT ADDED ENTRY--TOPICAL TERM
Topical term or geographic name entry element MINIMUM ENERGY EFFICIENCY STANDARD
650 24 - SUBJECT ADDED ENTRY--TOPICAL TERM
Topical term or geographic name entry element MEES
650 24 - SUBJECT ADDED ENTRY--TOPICAL TERM
Topical term or geographic name entry element ENERGY PERFORMANCE OF BUILDINGS (ENGLAND AND WALES) REGULATIONS 2012
650 24 - SUBJECT ADDED ENTRY--TOPICAL TERM
Topical term or geographic name entry element ENERGY EFFICIENCY (PRIVATE RENTED PROPERTY) (ENGLAND AND WALES) REGULATIONS 2015
651 #4 - SUBJECT ADDED ENTRY--GEOGRAPHIC NAME
Geographic name England and Wales
Chronological subdivision 1543-
690 ## - LOCAL SUBJECT ADDED ENTRY--TOPICAL TERM (OCLC, RLIN)
Topical term or geographic name as entry element Energy
9 (RLIN) 6237
690 ## - LOCAL SUBJECT ADDED ENTRY--TOPICAL TERM (OCLC, RLIN)
Topical term or geographic name as entry element Sustainability
9 (RLIN) 6271
690 ## - LOCAL SUBJECT ADDED ENTRY--TOPICAL TERM (OCLC, RLIN)
Topical term or geographic name as entry element Commercial property
9 (RLIN) 6227
690 ## - LOCAL SUBJECT ADDED ENTRY--TOPICAL TERM (OCLC, RLIN)
Topical term or geographic name as entry element Residential property
9 (RLIN) 6266
856 40 - ELECTRONIC LOCATION AND ACCESS
Uniform Resource Identifier <a href=""></a>
Public note
942 ## - ADDED ENTRY ELEMENTS (KOHA)
Suppress in OPAC 0
Holdings
Withdrawn status Lost status Source of classification or shelving scheme Damaged status Not for loan Home library Current library Shelving location Date acquired Total Checkouts Full call number Barcode Date last seen Copy number Price effective from Koha item type
    Dewey Decimal Classification     London London Journals 05/01/2018   L159794 159794-1001 06/08/2019 1 06/08/2019 Journal article